Estatísticas para Países Sequenciais Aleatórios no Mapa da África

Clique aqui para jogar o quiz

Estatísticas Gerais

  • Esse quiz foi jogado 8 259 vezes
    (6 798 desde o último reset)
  • A pontuação média é 39 de 54

Respostas no mapa

Respostas codificadas por cores de uma escala verde-vermelha no mapa do quiz de acordo com a % correta abaixo.
 

Estatísticas das Respostas

País% Correto
Egito
76%
África do Sul
75%
Marrocos
75%
Somália
75%
Angola
74%
Argélia
74%
Cabo Verde
74%
Lesoto
74%
Líbia
74%
Madagáscar
74%
Moçambique
74%
Namíbia
74%
República Democrática do Congo
74%
Sudão
74%
Tunísia
74%
Botswana
73%
Chade
73%
Essuatíni
73%
Etiópia
73%
Mali
73%
Mauritânia
73%
Níger
73%
Nigéria
73%
São Tomé e Príncipe
73%
Sudão do Sul
73%
Comores
72%
Djibouti
72%
Eritreia
72%
Maurícia
72%
Quênia
72%
República Centro-Africana
72%
Ruanda
72%
Senegal
72%
Seychelles
72%
Togo
72%
Zimbábue
72%
Benim
71%
Camarões
71%
Costa do Marfim
71%
Gâmbia
71%
Gana
71%
Guiné Equatorial
71%
Tanzânia
71%
Zâmbia
71%
Burkina Faso
70%
Burundi
70%
Gabão
70%
Guiné-Bissau
70%
Malawi
70%
República do Congo
70%
Serra Leoa
70%
Uganda
70%
Guiné
69%
Libéria
69%

Distribuição das Pontuações

Percentil de Números Respondidos

Porcentagem de Pessoas com Cada Pontuação

Sua Pontuação Histórica

Você não jogou esse quiz desde o último reset